Sentimental /
Guardat en:
| Altres autors: | , |
|---|---|
| Format: | Llibre |
| Idioma: | italià |
| Publicat: |
Milano :
Bompiani,
stampa 1974
|
| Matèries: | |
| Etiquetes: |
Sense etiquetes, Sigues el primer a etiquetar aquest registre!
|
MARC
| LEADER | 00000nam a22000007ib4500 | ||
|---|---|---|---|
| 001 | IT\ICCU\TO0\1318070 | ||
| 003 | ItRI | ||
| 005 | 20260115232229.0 | ||
| 008 | 040617s1974 it |||||| ||||| |||||c | ||
| 040 | |b ita |c importazione bologna sebina | ||
| 041 | 7 | |a ita |2 ISO-639-2 | |
| 245 | 0 | 0 | |a Sentimental / |c a cura di Rita Cirio e Pietro Favari. |
| 246 | 1 | 3 | |a Il teatro di rivista italiano |9 IT\ICCU\IEI\0748814 |
| 246 | 1 | 3 | |a Almanacco 1975 Bompiani |9 IT\ICCU\LIG\0159899 |
| 246 | 1 | 3 | |a Almanacco Bompiani 1975 |9 IT\ICCU\LIG\0159900 |
| 260 | |a Milano : |b Bompiani, |c stampa 1974 | ||
| 300 | |a 230, [74] p. : |b ill. ; |c 26 cm | ||
| 500 | |a Sulla cop.: Il teatro di rivista italiano ; Almanacco Bompiani 1975 | ||
| 500 | |a 1975 |9 IT\ICCU\RAV\0010622 | ||
| 500 | |a Tit. della cop. |0 IT\ICCU\IEI\0748814 | ||
| 500 | |a Titolo sul dorso |0 IT\ICCU\LIG\0159899 | ||
| 500 | |a Titolo dell'occhietto |0 IT\ICCU\LIG\0159900 | ||
| 650 | 7 | |a Teatro di rivista |2 scbi | |
| 700 | 1 | |a Favari, Pietro |0 IT\ICCU\LO1V\131419 | |
| 700 | 1 | |a Cirio, Rita |0 IT\ICCU\RAVV\049192 | |
| 752 | |a it |d Milano | ||
| 773 | 1 | |w IT\ICCU\RAV\0010622 |t Almanacco Bompiani |g 1975 | |
| 774 | 1 | |w IT\ICCU\PUV\1566101 |t Dietro le quinte |g 156 p. |a Buonocore, Aldo |0 IT\ICCU\UBOV\021752 | |
| 774 | 1 | |w IT\ICCU\PUV\1566105 |t Vieni avanti, intellettuale! |g 210-211 p. |a Bajini, Sandro |0 IT\ICCU\CFIV\052790 | |
| 774 | 1 | |w IT\ICCU\PUV\1566107 |t Nude vestite travestite |g 28-97 p. |a Buttafava, Giovanni |0 IT\ICCU\CFIV\008799 | |
| 774 | 1 | |w IT\ICCU\PUV\1566111 |t Quattro capitoli sulla fortuna della rivista |g 184-193 p. |a Buttafava, Giovanni |0 IT\ICCU\CFIV\008799 | |
| 774 | 1 | |w IT\ICCU\PUV\1566113 |t Luxe |g 194-199 p. |a Arias, Alfredo |0 IT\ICCU\NAPV\074028 | |
| 774 | 1 | |w IT\ICCU\PUV\1566303 |t Due sguardi sui legnanesi |g 174-183 p. |a Arbasino, Alberto |0 IT\ICCU\CFIV\060368 | |
| 774 | 1 | |w IT\ICCU\PUV\1566305 |t Caffè concerto, varietà, rivista |g 6-13 p. |a Bertieri, Claudio |0 IT\ICCU\CFIV\010562 | |
| 774 | 1 | |w IT\ICCU\PUV\1566306 |t Riso amaro |g 218-224 p. |a Colombo, Furio |0 IT\ICCU\CFIV\008104 | |
| 774 | 1 | |w IT\ICCU\PUV\1566307 |t La struttura |g 102-104 p. |a Cirio, Rita |0 IT\ICCU\RAVV\049192 | |
| 774 | 1 | |w IT\ICCU\PUV\1566311 |t Les Folies Bourgeoises di Garinei & Giovannini |g 168-172 p. |a Cirio, Rita |0 IT\ICCU\RAVV\049192 | |
| 942 | |2 ddc |c BK |n 0 | ||
| 952 | |0 0 |1 0 |4 0 |6 DOC_792_700000000000000_CIR |7 0 |9 22476 |a BO |b BO |d 2026-01-15 |i 11134 |l 0 |o DOC 792.7 CIR |p BO11134 |r 2026-01-15 23:22:29 |w 2026-01-15 |x [Sebina 7] [1 v.] |y BK |z 1 v. | ||
| 952 | |0 0 |1 0 |4 0 |6 DOC_792_700000000000000_CIR |7 0 |9 22477 |a BO |b BO |d 2026-01-15 |i 16235 |l 0 |o DOC 792.7 CIR |p BO16235 |r 2026-01-15 23:22:29 |w 2026-01-15 |x [Sebina 7] [1 v.] |y BK |z 1 v. (3. copia) | ||
| 952 | |0 0 |1 0 |4 0 |6 DOC_792_700000000000000_CIR |7 0 |9 22478 |a BO |b BO |d 2026-01-15 |i 15779 |l 0 |o DOC 792.7 CIR |p BO15779 |r 2026-01-15 23:22:29 |w 2026-01-15 |x [Sebina 5] [1 v.] |y BK |z 1 v. (2. copia) | ||
| 999 | |c 19191 |d 19191 | ||